000 01260nam0a22002651 4500
001 rc\1131531
005 20260407151600.0
035 _a(NLR Aleph) 006372982
090 _a5014343
_c5014343
100 _a20041126d1981 |||y0rusy50 ca
101 0 _arus
102 _aRU
105 _aa |||||||||
200 1 _aОбработка данных морской гравиметрии и радиогеодезии с помощью ПЭКВМ "Искра-125"
_eМетод. рекомендации по мат. обеспечению ЭВМ
_fМ-во газовой пром-сти. [Главморнефтегаз], ВНИИ мор. геологии и геофизики
_gСост.: Кривицкий Г.Е., Дорогань Г.И.
210 _aРига
_cСпециализир. информ. центр ВНИИМоргео
_d1981
215 _a79 с.
_cил.
_d20
225 1 _aМетодические рекомендации
320 _aБиблиогр.: с. 77
702 1 _aКривицкий
_bГ.Е.
_4220
712 0 2 _aВНИИ морской геологии и геофизики
_cРига
_3RU\NLR\AUTH\8810028596
_9555749
801 0 _aRU
_bNLR
_gpsbo
801 1 _aRU
_bELAR
_2rusmarc
852 _aNLR
_j82-4/26751
942 _cBOOK
980 _aNB